कॉफ़ी हाउस के कह्कहें : (Record no. 112119)

MARC details
000 -LEADER
fixed length control field 01215nam a22002537a 4500
005 - DATE AND TIME OF LATEST TRANSACTION
control field 20170124102934.0
010 ## - LIBRARY OF CONGRESS CONTROL NUMBER
LC control number B-071573
020 ## - INTERNATIONAL STANDARD BOOK NUMBER
Terms of availability 125.00
International Standard Book Number 8179020126
035 ## - SYSTEM CONTROL NUMBER
System control number B-071573
037 ## - SOURCE OF ACQUISITION
Source of stock number/acquisition Cen Lib/Ret
040 ## - CATALOGING SOURCE
Original cataloging agency DPL
Language of cataloging HN
082 ## - DEWEY DECIMAL CLASSIFICATION NUMBER
Classification number 827
Item number बाजपे
100 ## - MAIN ENTRY--PERSONAL NAME
Personal name बाजपेयी, भगवती प्रसाद
9 (RLIN) 45990
245 ## - TITLE STATEMENT
Title कॉफ़ी हाउस के कह्कहें :
Statement of responsibility, etc भगवती प्रसाद बाजपेयी
Remainder of title हास्य-व्यंग्य /
246 ## - VARYING FORM OF TITLE
Title proper/short title Coffee house ke kahkahein : hasya-vyangya /
Remainder of title by Bhagwati Prasad Bajpayee
260 ## - PUBLICATION, DISTRIBUTION, ETC. (IMPRINT)
Place of publication, distribution, etc दिल्ली
Name of publisher, distributor, etc सावित्री प्रकाशन
Date of publication, distribution, etc 2003
270 ## - ADDRESS
City दिल्ली
Address 1376, आत्माराम बिल्डिंग, कश्मिरी गेट
Postal code 110006
300 ## - PHYSICAL DESCRIPTION
Extent 127पृ.
Dimensions 20सेमी(सजिल्द)
650 ## - SUBJECT ADDED ENTRY--TOPICAL TERM
Topical term or geographic name as entry element हिन्दी साहित्य
9 (RLIN) 45991
650 ## - SUBJECT ADDED ENTRY--TOPICAL TERM
Topical term or geographic name as entry element हिन्दी साहित्य -- कहानियाँ
9 (RLIN) 45992
650 ## - SUBJECT ADDED ENTRY--TOPICAL TERM
Topical term or geographic name as entry element Hindi literature
9 (RLIN) 45993
650 ## - SUBJECT ADDED ENTRY--TOPICAL TERM
Topical term or geographic name as entry element Hindi literature -- stories
9 (RLIN) 45994
942 ## - ADDED ENTRY ELEMENTS (KOHA)
Source of classification or shelving scheme Dewey Decimal Classification
Koha item type Hindi Books
Classification part 827
Call number suffix बाजपे
Holdings
Withdrawn status Lost status Damaged status Not for loan Home library Current library Date acquired Source of acquisition Cost, normal purchase price Total Checkouts Full call number Barcode Date last seen Copy number Cost, replacement price Price effective from Koha item type Source of classification or shelving scheme Uniform Resource Identifier
        Central Library Central Library 07/08/2015 Cen Lib/Ret 125.00   827 बाजपे B-071573 07/08/2015 1 125.00 07/08/2015 Hindi Books    
        Central Library Central Library 25/10/2016 Cen Lib/Ret 125.00   827 बाजपे B-158081 25/10/2016 2   25/10/2016 Hindi Books Dewey Decimal Classification 125.00

© Delhi Public Library
Hit Counter
free hit counter